000 005360000a22001810004500
003 MACL
005 20151213145318.0
008 151213b xxu||||| |||| 00| 0 eng d
040 _aMACL
_cMACL
041 _aHindi
082 _a741.642
100 _aमुरारीलाल
_920223
245 _aक्रांतिकारी महिलाएं
260 _bचेतक पब्लिशिंग हाउस
_c2011
350 _a150
650 _aचिल्‍डन बुक
_9314
942 _cHIN
_k741.642
_2ddc
999 _c46665
_d46665